000 00634nam a2200217 i 4500
001 bg
100 1 _aCIEPAJ, Marian
245 1 0 _aPrawo gospodarcze /
_cMarian Ciepaj.
260 _aOpole :
_bOficyna Wydawnicza PO,
_c1999.
300 _a448 s. ;
_c24 cm.
490 1 _aSkrypt / Politechnika Opolska,
_x1427-9932 ;
_vnr 221
504 _aBibliogr.
650 9 _aPrawo gospodarcze
_zPolska
_ystan na 1999 r.
655 _aPodręczniki akademickie
830 0 _aSkrypt (Politechnika Opolska) ;
_vnr 221
040 _cBPK
041 0 _apl
080 _a346(438)(075.8)
942 _cKS
008 s pl f |000 0 pol
999 _c38793
_d38793
856 _uhttp://koha.tu.koszalin.pl/cgi-bin/koha/opac-detail.pl?biblionumber=38793
_yKatalog online BPK